[Event "tupiniquim"]
[Site "http://www.queenalice.com/game.php?id=55064"]
[Date "2006.2.27"]
[Round "-"]
[White "silvaguimaraes"]
[Black "Marcelo_Araujo"]
[Result "1-0"]
[WhiteElo "1670"]
[BlackElo "1516"]

1. b3 Nf6 2. Bb2 e6 3. d3 Bc5 4. h3 O-O 5. Bc3 b6 6. e4 Nc6 7. Nd2 Bb7 8. Ne2 d5
9. e5 Nd7 10. Nf3 f6 11. exf6 Nxf6 12. Ng5 Qe7 13. Nf3 Rad8 14. d4 Bb4 15. Bxb4
Qxb4+ 16. c3 Qd6 17. Ng3 Ne4 18. Ne2 a5 19. a3 e5 20. Nd2 Qf6 21. Nf3 exd4 22.
cxd4 Ng5 23. Neg1 Ne6 24. Be2 Rde8 25. Kf1 Nexd4 26. Ra2 Re4 27. Bd3 Re6 28. h4
Nxf3 29. Nxf3 d4 30. Ng5 Qxf2+ 31. Rxf2 Rxf2+ 32. Kxf2 Rf6+ 33. Kg1 h6 34. Bc4+
Kf8 35. Nh7+ Ke7 36. Nxf6 Kxf6 37. Qf3+ Ke5 38. Qg3+ Ke4 39. Qg6+ Ke3 40. Rh3+
Kd2 41. Rd3+ Kc2 42. Rf3+ Kb2 43. Rf2+ Kxa3 44. Qb1 Kb4 45. Qe1+ Kc5 46. Rf5+
Kd6 47. Rd5# 1-0

[Event "tupiniquim"]
[Site "http://www.queenalice.com/game.php?id=55066"]
[Date "2006.2.27"]
[Round "-"]
[White "silvaguimaraes"]
[Black "AlexBoneto"]
[Result "1-0"]
[WhiteElo "1680"]
[BlackElo "1650"]

1. b3 e5 2. Bb2 e4 3. e3 d5 4. Bd4 Nc6 5. Bb5 Nf6 6. Bxc6+ bxc6 7. h3 Ba6 8. Ne2
c5 9. Bb2 Bd6 10. c3 Be5 11. d4 cxd4 12. cxd4 Bd6 13. a3 Bd3 14. Nd2 O-O 15. b4
c6 16. Nc1 Re8 17. Nxd3 exd3 18. Qb3 Ne4 19. Qxd3 Qh4 20. Nxe4 Rxe4 21. O-O a6
22. Rac1 Qh6 23. Bc3 Bc7 24. Qe2 Qd6 25. f4 Qe6 26. Rce1 Rxe3 27. Qxe3 Qd6 28.
g3 h6 29. h4 Qg6 30. Re2 Qg4 31. Kg2 g5 32. hxg5 h5 33. Rh1 Bxf4 34. Qf3 Bxg5
35. Qxg4 hxg4 36. Re5 f6 37. Re7 f5 38. Re5 Rf8 39. Rh5 Bc1 40. Rexf5 Rxf5 41.
Rxf5 Kg7 42. a4 Kg6 43. Rf8 Ba3 44. Rc8 Kf7 45. Rxc6 1-0

[Event "sáo paulo"]
[Site "http://www.queenalice.com/game.php?id=55067"]
[Date "2006.2.27"]
[Round "-"]
[White "silvaguimaraes"]
[Black "hulk"]
[Result "1-0"]
[WhiteElo "1704"]
[BlackElo "1561"]

1. b3 e5 2. Bb2 Nc6 3. e3 Nf6 4. Bb5 a6 5. Bxc6 dxc6 6. Bxe5 Ng4 7. Bg3 Qf6 8.
Nc3 Bd6 9. Ne4 Qe7 10. Nxd6+ cxd6 11. h3 Nf6 12. Bh4 Qe4 13. Nf3 Nd5 14. d3 Qg6
15. Bg3 Qf6 16. Kf1 Nc3 17. Qe1 Nb5 18. a4 Nc3 19. Bh4 Qg6 20. Qxc3 O-O 21. Bg3
Be6 22. Bxd6 Rfd8 23. Bc7 Rd7 24. Ne5 Qg5 25. Nxd7 Bxd7 26. Qb4 Re8 27. Re1 b5
28. Bf4 Qg6 29. axb5 axb5 30. Qd4 Qe6 31. Ra1 h6 32. Ra7 Rd8 33. Qb6 Re8 34. Qc7
Rd8 35. Qxd8+ Be8 36. Re7 Qd5 37. Qxe8+ Kh7 38. Rd7 Qh5 39. g4 Qg6 40. Rxf7 c5
41. Qe4 Qxe4 42. dxe4 Kg8 43. Rc7 c4 44. bxc4 b4 45. Kg2 Kh7 46. Be5 Kg6 47.
Rxg7# 1-0

[Event "tupiniquim"]
[Site "http://www.queenalice.com/game.php?id=59689"]
[Date "2006.3.26"]
[Round "-"]
[White "Dinho"]
[Black "silvaguimaraes"]
[Result "1-0"]
[WhiteElo "1621"]
[BlackElo "1689"]

1. e4 e5 2. Nf3 d6 3. d4 exd4 4. Nxd4 Be7 5. b3 a6 6. Bb2 Bf6 7. f4 Be7 8. Nd2
f6 9. Bc4 Bd7 10. Qh5+ g6 11. Qf3 Qc8 12. e5 Bg4 13. Qf2 Bd7 14. O-O-O b5 15.
exd6 cxd6 16. Bd5 Nc6 17. Rhe1 Rb8 18. Be6 Nxd4 19. Bxd7+ Qxd7 20. Qxd4 Kf8 21.
Ne4 b4 22. Ng5 h6 23. Ne6+ Ke8 24. Nc5 Qc6 25. Qxd6 Qxd6 26. Rxd6 Kf8 27. Nd7+
Kg7 28. Rxa6 Rd8 29. Ra7 Kf7 30. g4 g5 31. h4 gxh4 32. g5 hxg5 33. fxg5 Kg6 34.
Rg1 Kf5 35. Ra5+ Ke6 36. Nc5+ Bxc5 37. Rxc5 Rh5 38. Rc6+ Kf5 39. gxf6 Nh6 40.
Rc5+ Ke6 41. Rxh5 Nf7 42. Re1+ Kd7 43. Rh7 Rf8 44. Rxh4 Ng5 45. Re7+ Kc6 46.
Rxb4 Kc5 47. Bc3 Kc6 48. Rg4 Nf3 49. Rgg7 Ra8 50. f7 Rxa2 51. f8=Q Nh4 52. Re6+
Kb5 53. Qb4# 1-0

[Event "tupiniquim"]
[Site "http://www.queenalice.com/game.php?id=63359"]
[Date "2006.4.15"]
[Round "-"]
[White "silvaguimaraes"]
[Black "luizmortagua"]
[Result "0-1"]
[WhiteElo "1695"]
[BlackElo "1464"]

1. e4 e5 2. Nf3 d6 3. h3 f5 4. exf5 Bxf5 5. d3 Nf6 6. Be2 Be7 7. Qd2 O-O 8. Qb4
Qc8 9. g4 Nc6 10. Qd2 Bd7 11. Kd1 e4 12. Ne1 Nd4 13. Qe3 Nxg4 14. hxg4 Nxe2 15.
Kxe2 Bxg4+ 16. Kd2 h6 17. Qxe4 Bg5+ 18. Kc3 Bxc1 19. f3 Bf5 20. Qe2 Bg5 21. Nd2
Bf6+ 22. Kb3 Re8 23. Qg2 a5 24. c3 Kh7 25. Kc2 d5 26. f4 Qe6 27. Nef3 Qe3 28.
Ne1 Qxf4 29. Qxd5 Bg5 30. Ndf3 Re2+ 31. Kb3 Be6 32. Qc4 a4+ 33. Ka3 Be7+ 34. b4
axb3+ 35. Kxb3 Ra3# 0-1

[Event "tupiniquim"]
[Site "http://www.queenalice.com/game.php?id=63363"]
[Date "2006.4.15"]
[Round "-"]
[White "silvaguimaraes"]
[Black "Alcar"]
[Result "1-0"]
[WhiteElo "1674"]
[BlackElo "1660"]

1. b3 e5 2. e4 Nf6 3. d3 d5 4. exd5 Nxd5 5. Bb2 Nc6 6. a3 Bc5 7. Qf3 O-O 8. Nd2
Nd4 9. Qd1 c6 10. c3 Ne6 11. c4 Nf6 12. Bxe5 Re8 13. Be2 Nd4 14. Bxf6 Qxf6 15.
f3 Nc2+ 16. Qxc2 Qxa1+ 17. Nb1 Bxa3 18. Kf1 Bc5 19. Bd1 Qd4 20. Qd2 Bf5 21. Bc2
a5 22. g4 Bg6 23. Kg2 h5 24. h3 Bb4 25. Qf2 Qf4 26. Ne2 Qd6 27. Rd1 Bc5 28. Qf1
Re6 29. Nbc3 Rae8 30. Ne4 Qe7 31. Nf4 Re5 32. d4 Bxd4 33. Nxg6 fxg6 34. Rxd4 c5
35. Rd2 hxg4 36. hxg4 Qh4 37. Qf2 Qh6 38. Rd6 Kf7 39. Rb6 R8e7 40. Qe1 Qf4 41.
Rb5 b6 42. Rxb6 Ra7 43. Nd6+ Kf8 44. Rb8+ Ke7 45. Nc8+ Kf7 46. Nd6+ Kf6 47. Ne4+
Ke7 48. Qd1 Rd7 49. Qe1 Rd2+ 50. Qxd2 Qxd2+ 51. Nxd2 Re2+ 52. Kg3 Rxd2 53. Bxg6
Kf6 54. Rb6+ Ke5 55. Rb5 Kf6 56. Be4 1-0

[Event "tupiniquim"]
[Site "http://www.queenalice.com/game.php?id=63365"]
[Date "2006.4.15"]
[Round "-"]
[White "silvaguimaraes"]
[Black "marison"]
[Result "0-1"]
[WhiteElo "1706"]
[BlackElo "1678"]

1. b3 e5 2. Bb2 Nc6 3. e4 Bc5 4. Bb5 a6 5. Bxc6 dxc6 6. Bxe5 f6 7. Bc3 Be6 8.
Qh5+ g6 9. Qxc5 Qd6 10. Qe3 c5 11. e5 Qe7 12. exf6 Nxf6 13. h3 O-O-O 14. Ne2
Rhe8 15. Bxf6 Qxf6 16. c3 Bxb3 17. Qf3 Qxf3 18. gxf3 Bc4 19. Kf1 Bxe2+ 20. Kg2
Rf8 21. Re1 Bxf3+ 22. Kg3 Rd3 23. Kh2 Bd5 24. Rf1 Rdf3 25. h4 R8f4 26. Na3 Rxh4+
27. Kg1 Rg4+ 28. Kh2 Rf5 29. Kh3 Rgg5 30. f4 Rg2 31. c4 Rh5# 0-1

[Event "tupiniquim"]
[Site "http://www.queenalice.com/game.php?id=63367"]
[Date "2006.4.15"]
[Round "-"]
[White "silvaguimaraes"]
[Black "Marcelo"]
[Result "1-0"]
[WhiteElo "1718"]
[BlackElo "1717"]

1. e4 e5 2. b3 Bc5 3. Bb2 d6 4. Be2 Nf6 5. d3 O-O 6. h3 Nc6 7. Nf3 h6 8. Nfd2
Nd4 9. Bxd4 Bxd4 10. c3 Bb6 11. Nc4 Nd7 12. Nbd2 a6 13. Bg4 Nf6 14. Nxb6 cxb6
15. Qe2 Qc7 16. Rc1 Bxg4 17. hxg4 g5 18. Rxh6 Kg7 19. Rh3 Qd7 20. f3 Rh8 21. Qe3
Kg6 22. Ke2 Rxh3 23. gxh3 Rh8 24. Rh1 Qb5 25. Nc4 Qc6 26. Qxb6 Qxb6 27. Nxb6 Rd8
28. c4 Nd7 29. Nd5 f6 30. h4 Rh8 31. h5+ Kf7 32. Ne3 Ke6 33. Nf5 Nf8 34. b4 b6
35. Rg1 Nd7 36. a4 Nb8 37. b5 a5 38. d4 exd4 39. Nxd4+ Ke5 40. Ke3 Nd7 41. Nc6+
Ke6 42. Nd4+ Ke5 43. Nc6+ Ke6 44. Ra1 Nc5 45. Ra3 Rc8 46. f4 gxf4+ 47. Kxf4 Rg8
48. Nd4+ Kf7 49. Nf5 Rg5 50. Nxd6+ Ke6 51. Nf5 Nd7 52. Nd4+ Kd6 53. Nf5+ Ke6 54.
h6 Ne5 55. Nd4+ Kf7 56. Rg3 Kg6 57. Ne6 Rxg4+ 58. Rxg4+ Nxg4 59. Kxg4 Kxh6 60.
c5 bxc5 61. Nxc5 Kg6 62. b6 f5+ 63. exf5+ Kf6 64. b7 Kf7 65. b8=Q Kg7 66. Ne6+
Kh7 67. Qc7+ Kh8 68. Qg7# 1-0

[Event "sáo paulo"]
[Site "http://www.queenalice.com/game.php?id=73838"]
[Date "2006.6.2"]
[Round "-"]
[White "silvaguimaraes"]
[Black "coquin"]
[Result "1-0"]
[WhiteElo "1704"]
[BlackElo "1745"]

1. e4 d6 2. d4 g6 3. Bc4 Bg7 4. c3 Nf6 5. Bd3 O-O 6. h3 Re8 7. Bg5 c6 8. Nd2 e5
9. dxe5 dxe5 10. Be2 Be6 11. g4 Nbd7 12. f3 h6 13. Bh4 Qb6 14. Qc2 g5 15. Bf2
Qc7 16. h4 Nh7 17. hxg5 Nxg5 18. Be3 Nf6 19. Bxg5 hxg5 20. Nh3 Nh7 21. b3 f6 22.
Bd3 Rad8 23. Nf2 b5 24. Ke2 Rd7 25. Rad1 Bf8 26. Nf1 Red8 27. Ng3 Bc5 28. b4
Bxf2 29. Kxf2 Qb6+ 30. Kg2 Qe3 31. Rhe1 Qb6 32. Rd2 c5 33. bxc5 Qxc5 34. Red1 b4
35. c4 Bxc4 36. Bxc4+ Kg7 37. Rxd7+ Rxd7 38. Rxd7+ Kh8 39. Rd8+ Kg7 40. Nf5+ 1-0

[Event "sáo paulo"]
[Site "http://www.queenalice.com/game.php?id=73839"]
[Date "2006.6.2"]
[Round "-"]
[White "silvaguimaraes"]
[Black "charles31"]
[Result "1-0"]
[WhiteElo "1706"]
[BlackElo "1617"]

1. e4 e5 2. Nf3 d6 3. h3 Nf6 4. Bc4 Na6 5. Bxa6 bxa6 6. d3 c6 7. Bd2 d5 8. exd5
Nxd5 9. Nxe5 Qe7 10. Qe2 Bb7 11. d4 f6 12. Nf3 Qxe2+ 13. Kxe2 O-O-O 14. Re1 Nf4+
15. Bxf4 a5 16. Kf1 g5 17. Bd2 a4 18. Re6 Bg7 19. Re7 Bf8 20. Rf7 Bd6 21. Rxf6
h6 22. Ba5 Be7 23. Bxd8 Bxd8 24. Rf5 Ba6+ 25. Kg1 Kb8 26. Ne5 Bc7 27. Nxc6+ Kb7
28. Na5+ Kc8 29. Nd2 Bb6 30. c3 Bxa5 31. Rxa5 Kb7 32. Rxa4 Re8 33. Nf1 Kb6 34.
Rb4+ Kc6 35. Ne3 Re4 36. d5+ Kd7 37. Rxe4 Bd3 38. Re6 h5 39. Re1 1-0

[Event "tupiniquim"]
[Site "http://www.queenalice.com/game.php?id=76928"]
[Date "2006.6.16"]
[Round "-"]
[White "silvaguimaraes"]
[Black "lobo"]
[Result "1-0"]
[WhiteElo "1715"]
[BlackElo "1776"]

1. e4 c5 2. b3 Nc6 3. Bb2 e5 4. Bb5 Qf6 5. Nf3 a6 6. Bc4 b5 7. Bd5 Nge7 8. Bxc6
Nxc6 9. Nc3 Qg6 10. Nh4 Qf6 11. Nf3 c4 12. Nd5 Qd6 13. Nb6 Rb8 14. Nd5 cxb3 15.
axb3 g6 16. c3 Bg7 17. b4 O-O 18. O-O Rb7 19. Rxa6 Rb8 20. Ra1 Bb7 21. Ne1 Nd8
22. Qb3 Bxd5 23. exd5 e4 24. g3 Qe5 25. d4 Qf5 26. Ng2 Nb7 27. Bc1 Nd6 28. Ra6
Nc4 29. Ne3 Qf3 30. Nxc4 bxc4 31. Qxc4 Rbc8 32. Qb3 Rxc3 33. Qd1 Qf5 34. Ra5 Rd3
35. Qa4 Bxd4 36. Bf4 Rf3 37. Qc2 Re8 38. d6 Qg4 39. Qd2 Rd3 40. Qc1 Rc3 41. Qd2
Rd3 42. Qc1 e3 43. fxe3 Bxe3+ 44. Bxe3 Rdxe3 45. b5 Re2 46. Qf4 Qe6 47. Raa1 Re5
48. Rab1 Rf5 49. Qd2 Rd5 50. Qf4 Rf5 51. Qb4 Qe3+ 52. Kh1 Rh5 53. Rbe1 Qxg3 54.
Rxe8+ Kg7 55. Qd4+ Kh6 56. Qf4+ Qxf4 57. Rxf4 Rxb5 58. Re7 Rb1+ 59. Kg2 Rb2+ 60.
Rf2 Rb6 61. Rxd7 f5 62. Rd2 Rb5 63. Rc7 f4 64. Rc3 Rg5+ 65. Kf1 1-0

[Event "sampa"]
[Site "http://www.queenalice.com/game.php?id=76944"]
[Date "2006.6.16"]
[Round "-"]
[White "silvaguimaraes"]
[Black "maximos"]
[Result "1-0"]
[WhiteElo "1707"]
[BlackElo "1497"]

1. e4 e5 2. Nf3 d6 3. h3 Nf6 4. d3 h6 5. b3 Nc6 6. Bb2 Be6 7. Bc3 Be7 8. Nh2 d5
9. exd5 Nxd5 10. Bd2 Bf6 11. c3 Nf4 12. Bxf4 exf4 13. Nf3 O-O 14. Be2 Bd5 15. d4
Bxf3 16. Bxf3 Nxd4 17. Bxb7 Rb8 18. Be4 Re8 19. f3 Nb5 20. Qc1 Qd3 21. Qd2 Qxd2+
22. Kxd2 Re7 23. Kc2 Rd8 24. a4 Nd6 25. Nd2 Nxe4 26. Nxe4 a5 27. Nxf6+ gxf6 28.
Rhe1 Rde8 29. Rxe7 Rxe7 30. Rg1 Kf8 31. Kd3 Re3+ 32. Kd4 Ke7 33. Rf1 Kd6 34. Rf2
c5+ 35. Kc4 Kc6 36. Rb2 f5 37. b4 axb4 38. cxb4 cxb4 39. Kxb4 Kb6 40. a5+ Ka6
41. Rc2 Re6 42. Rc4 Re5 43. Rc6+ Kb7 44. Rxh6 1-0

[Event "sáo paulo"]
[Site "http://www.queenalice.com/game.php?id=86946"]
[Date "2006.7.17"]
[Round "-"]
[White "silvaguimaraes"]
[Black "kqrpnb"]
[Result "0-1"]
[WhiteElo "1734"]
[BlackElo "1361"]

1. e4 e5 2. d4 exd4 3. Qxd4 Nc6 4. Qd1 Nf6 5. Bd3 Bc5 6. c3 d5 7. exd5 Qxd5 8.
Nf3 Bg4 9. Be2 O-O-O 10. Qxd5 Rxd5 11. O-O Re8 12. Bc4 Bxf3 13. Bxd5 Bxd5 14. b4
Bd6 15. Na3 Re2 16. Be3 Ng4 17. g3 Nxe3 18. fxe3 Rg2+ 19. Kh1 Rxg3+ 20. Rf3
Bxf3# 0-1

[Event "sáo paulo"]
[Site "http://www.queenalice.com/game.php?id=86947"]
[Date "2006.7.17"]
[Round "-"]
[White "silvaguimaraes"]
[Black "Malcomx"]
[Result "0-1"]
[WhiteElo "1733"]
[BlackElo "1757"]

1. e4 c6 2. d4 d5 3. e5 Bf5 4. Nd2 e6 5. Nb3 Nd7 6. Ne2 Ne7 7. Ng3 Bg6 8. Bg5
Qb6 9. Bd2 a5 10. a4 Nf5 11. Nxf5 Bxf5 12. Be2 Be7 13. c3 O-O 14. Bc1 c5 15. Bb5
c4 16. Nd2 Qc7 17. O-O f6 18. Bxd7 Qxd7 19. Nf3 fxe5 20. Nxe5 Qc7 21. Qe2 Bf6
22. Re1 Rae8 23. Bf4 Bxe5 24. Bxe5 Qf7 25. Bd6 Bd3 26. Qg4 Qf5 27. Qg3 Rf6 28.
Re5 Qg6 29. Rg5 Qf7 30. Be5 Rg6 31. Rxg6 Qxg6 32. Qe3 Re7 33. Bg3 Qe8 34. Qf3 b5
35. Qd1 b4 36. cxb4 axb4 37. a5 Ra7 38. b3 Qa8 39. bxc4 Bxc4 40. Qa4 b3 41. Qa3
Rb7 42. a6 Qxa6 43. Qb2 Qb6 44. Ra8+ Kf7 45. Qe2 Bxe2 46. h4 b2 47. Kh2 b1=Q 48.
Be5 Qf5 49. f4 Qxd4 50. Bxd4 Qxf4+ 51. g3 Qxd4 52. Kh3 Bf1+ 53. Kh2 Qf2+ 54. Kh1
Qg2# 0-1

[Event "sáo paulo"]
[Site "http://www.queenalice.com/game.php?id=86948"]
[Date "2006.7.17"]
[Round "-"]
[White "silvaguimaraes"]
[Black "muppyman"]
[Result "1/2-1/2"]
[WhiteElo "1753"]
[BlackElo "1926"]

1. e4 e6 2. d4 d5 3. e5 c5 4. c3 Nc6 5. Be3 Nge7 6. Bd3 c4 7. Bc2 Ng6 8. Nf3 Be7
9. Nbd2 Bd7 10. Bxg6 hxg6 11. Qc2 b5 12. b4 a5 13. bxa5 Rxa5 14. Nf1 b4 15. Bd2
b3 16. Qb1 Qb8 17. axb3 Rxa1 18. Qxa1 Qxb3 19. Ne3 O-O 20. O-O Rb8 21. h4 Qb2
22. Qa4 Qa3 23. Qd1 Qa5 24. Qe2 Rb2 25. Rc1 Qd8 26. g3 Na5 27. Qe1 Nb3 28. Rb1
Nxd2 29. Nxd2 Ba3 30. Kg2 Qa5 31. Rc1 Rxd2 32. Qxd2 Bxc1 33. Qxc1 Ba4 34. Qa1
Qb5 35. g4 Qb3 36. g5 Kf8 37. Kg3 Ke7 38. Kg4 f6 39. gxf6+ gxf6 40. exf6+ Kxf6
41. f4 Bd7 42. Kg3 Qa4 43. Ng4+ Kg7 44. Qe1 Qc2 45. Qe5+ Kf7 46. Nh6+ Ke7 47.
Qe3 Qd3 48. Qxd3 cxd3 49. Kf3 Bb5 50. Ke3 Kd6 51. Nf7+ Ke7 52. Ne5 Kf6 53. Ng4+
Kf5 54. Nh6+ Kf6 55. Ng4+ Kg7 56. Ne5 Kh6 57. Nf7+ Kh5 58. Ng5 Kxh4 59. Nxe6 Kg4
60. Ng5 Kf5 61. Nf3 Kf6 62. Ne5 g5 63. fxg5+ Kxg5 64. Nxd3 Bxd3 65. Kxd3 Kf5 66.
Ke3 Ke6 67. Kf4 Kf6 68. Ke3 Ke6 69. Kf4 Kf6 70. Ke3 Ke6 71. Kd2 Kd6 72. Kc2 Kc6
73. Kb2 Kb6 74. Ka2 Ka6 75. Kb3 Kb5 76. c4+ dxc4+ 77. Kc3 Kc6 78. Kxc4 Kd6 79.
d5 Kd7 80. Kc5 Kc7 81. d6+ Kd7 82. Kd5 Kd8 83. Ke6 Ke8 84. Ke5 Kd7 85. Kd5 Kd8
86. Kc5 Kd7 87. Kd5 1/2-1/2

[Event "Challenge"]
[Site "http://www.queenalice.com/game.php?id=122529"]
[Date "2006.10.28"]
[Round "-"]
[White "Felipecontender"]
[Black "silvaguimaraes"]
[Result "0-1"]
[WhiteElo "1762"]
[BlackElo "1718"]

1. Nf3 d5 2. d4 Nc6 3. Bf4 Bg4 4. e3 h6 5. c4 e6 6. Nc3 Bb4 7. Be2 Nge7 8. O-O
dxc4 9. Bxc4 Bxc3 10. bxc3 a6 11. h3 Bh5 12. g4 Bg6 13. Nh4 Bh7 14. Bg3 Kf8 15.
Bd3 Bxd3 16. Qxd3 Na7 17. Rab1 b5 18. Qe4 Nd5 19. Rbc1 c6 20. f4 Qc7 21. Kg2 Nf6
22. Qd3 Qd7 23. f5 exf5 24. Rxf5 Re8 25. Be5 Qd5+ 26. Kh2 Qxa2+ 27. Rc2 Qe6 28.
Rcf2 Qc4 29. Qxc4 bxc4 30. Bxf6 gxf6 31. Rxf6 Rh7 32. Ng6+ Kg8 33. Ne5 Re7 34.
Nxc4 Kf8 35. Nd6 Rc7 36. c4 Nc8 37. Nf5 Nb6 38. Nxh6 Nxc4 0-1

[Event "sáo paulo"]
[Site "http://www.queenalice.com/game.php?id=143552"]
[Date "2006.12.19"]
[Round "-"]
[White "silvaguimaraes"]
[Black "vincentlennon"]
[Result "1-0"]
[WhiteElo "1763"]
[BlackElo "1798"]

1. e4 c5 2. d4 cxd4 3. Qxd4 Nc6 4. Qe3 d6 5. Bd2 e6 6. Nf3 g6 7. Bc3 Nf6 8. Bb5
Bg7 9. Bxc6+ bxc6 10. h3 O-O 11. e5 Ne8 12. Na3 Ba6 13. Rd1 d5 14. Bb4 Qb6 15.
Qxb6 axb6 16. Bxf8 Kxf8 17. c3 Bh6 18. Nc2 c5 19. a3 Ng7 20. b3 Nf5 21. g4 Ne7
22. g5 Bg7 23. Kd2 Nf5 24. Kc1 b5 25. Kb2 b4 26. Rd2 bxa3+ 27. Nxa3 Kg8 28. h4
Rb8 29. Ra1 h6 30. Nc2 Bb5 31. Ra5 Bc4 32. Ra3 Bf1 33. Rd1 Bh3 34. Ra5 c4 35. b4
Bg4 36. Nce1 Nxh4 37. Nxh4 Bxd1 38. gxh6 Bxh6 39. Ra1 Be2 40. Nef3 Bf4 41. Re1
Bd3 42. Ra1 Be4 43. Ra5 g5 44. Ra1 gxh4 45. Rg1+ Kf8 46. Rg4 Bxf3 47. Rxf4 Be4
48. Rxh4 Ke7 49. Rg4 Rh8 50. Ka3 Bg6 51. Rg3 Rh5 52. Re3 Rf5 53. b5 Rxf2 54. Kb4
Ra2 55. Kc5 Kd7 56. Rf3 Re2 57. b6 Rxe5 58. Rf2 d4+ 59. Kxd4 Rb5 60. Kxc4 Rxb6
61. Kd4 Kd6 62. c4 Rb3 63. c5+ Kc6 64. Kc4 Rb5 65. Rg2 Rxc5+ 66. Kd4 Bf5 67. Re2
f6 68. Rf2 Rd5+ 69. Kc4 Kd6 70. Ra2 Ke5 71. Re2+ Be4 72. Re1 f5 73. Re2 f4 74.
Re1 f3 75. Rh1 Bd3+ 76. Kc3 1-0

[Event "sáo paulo"]
[Site "http://www.queenalice.com/game.php?id=143553"]
[Date "2006.12.19"]
[Round "-"]
[White "silvaguimaraes"]
[Black "chessdeviant"]
[Result "1/2-1/2"]
[WhiteElo "1760"]
[BlackElo "1824"]

1. e4 e5 2. Nf3 Nc6 3. d3 d5 4. exd5 Qxd5 5. h3 Nf6 6. Nc3 Qd8 7. a3 Be7 8. Be2
O-O 9. b4 e4 10. dxe4 Bd6 11. Bb2 Re8 12. Bd3 Ne5 13. Nxe5 Bxe5 14. Qf3 c6 15.
O-O-O Qe7 16. g4 Nd7 17. h4 a5 18. bxa5 Rxa5 19. g5 Bxc3 20. Bxc3 Rxa3 21. Bb2
Ne5 22. Qg3 Nxd3+ 23. Rxd3 Rxd3 24. Qxd3 Qxe4 25. Qxe4 Rxe4 26. Kb1 Bf5 27. Kc1
h6 28. gxh6 g6 29. Kd2 Kh7 30. Bg7 Re8 31. c3 b5 32. h5 gxh5 33. Rxh5 Rd8+ 34.
Ke3 Bg6 35. Rc5 Rd6 36. f4 Bc2 37. f5 Bb3 38. Ke4 Bd5+ 39. Ke5 Rd7 40. f6 Rd8
41. Kf5 Be6+ 1/2-1/2

[Event "Challenge"]
[Site "http://www.queenalice.com/game.php?id=189810"]
[Date "2007.3.30"]
[Round "-"]
[White "val_si"]
[Black "silvaguimaraes"]
[Result "1-0"]
[WhiteElo "1844"]
[BlackElo "1780"]

1. e4 c5 2. Bc4 Na6 3. Bxa6 bxa6 4. c4 Bb7 5. d3 h6 6. b3 g5 7. Bb2 f6 8. Nf3 e5
9. Bc3 a5 10. h3 Ne7 11. Nh2 Bg7 12. Nd2 O-O 13. a4 Ba6 14. Ndf3 Nc6 15. O-O
Bxc4 16. bxc4 Nb4 17. Bxb4 Rb8 18. Bd2 d5 19. cxd5 Qd7 20. Bxa5 Rb7 21. Ng4 Rb4
22. Bxb4 cxb4 23. Qb3 a5 24. Rac1 f5 25. Ngxe5 Bxe5 26. Nxe5 Qg7 27. d6+ Kh8 28.
exf5 Rxf5 29. Nf3 g4 30. hxg4 Rf8 31. Nh2 Qg5 32. f3 Qg7 33. Qd1 1-0